Queen Victoria's Children - Statistics

General Stats
  • This quiz has been taken 144 times
  • The average score is 7 of 9
Answer Stats
Answer % Correct
Victoria
98%
Albert
89%
Alice
86%
Beatrice
83%
Louise
79%
Helena
77%
Leopold
77%
Alfred
76%
Arthur
66%
No matching quizzes found
Score Distribution
Percent of People with Each Score
Percentile by Number Answered
Your Score History
You have not taken this quiz